| 000 | 00760nam a2200241Ia 4500 | ||
|---|---|---|---|
| 003 | OSt | ||
| 005 | 20220926025945.0 | ||
| 006 | a|||||r|||| 00| 0 | ||
| 007 | ta | ||
| 008 | 220923b |||||||| |||| 00| 0 eng d | ||
| 037 | _cGeneral Book | ||
| 040 |
_aRTL _cRTL _beng |
||
| 041 |
_2eng _aeng |
||
| 082 | _aX9:75.53.N7, L4 | ||
| 110 |
_aOrganisation for Economic Cooperaiton and Development _9333246 |
||
| 245 | 0 | _aIndustrial policy of France | |
| 260 |
_aParis _bOrganisation for Economic Cooperaiton and Development _c1974 |
||
| 300 |
_a132p. _ccm. |
||
| 650 | _aIndustrial Economy | ||
| 700 |
_aOrganisation for Economic Cooperaiton and Development _9333247 |
||
| 942 |
_hX9:75.53.N7, L4 _cGB _2CC |
||
| 999 |
_c648282 _d648282 |
||